[Event "Tanta op 5th"]
[Site "Tanta"]
[Date "2002.05.14"]
[Round "2"]
[White "Farahat, Ali"]
[Black "Elkadi, Abdel Rahman"]
[Result "1/2-1/2"]
[WhiteElo "2303"]
[BlackElo "2142"]
[PlyCount "58"]
[EventDate "2002.05.13"]
[EventType "swiss"]
[EventRounds "9"]
[EventCountry "EGY"]
[SourceTitle "CBM 088 Extra"]
[Source "ChessBase"]
[SourceDate "2002.07.01"]
[SourceVersion "2"]
[SourceVersionDate "2002.07.01"]
[SourceQuality "1"]

1. e4 c5 2. Nf3 d6 3. d4 cxd4 4. Nxd4 Nf6 5. Nc3 Nc6 6. Be3 e5 7. Nb3 Be6 8. Qd2 a6 9. 0-0-0 Be7 10. f3 0-0 11. g4 b5 12. h4 Na5 13. Nxa5 Qxa5 14. Kb1 b4 15. Nd5 Nxd5 16. exd5 Bd7 17. Bd3 f5 18. gxf5 Bxf5 19. Be4 Qb5 20. Qg2 Qd7 21. h5 Kh8 22. h6 g6 23. f4 Bf6 24. Bxf5 Qxf5 25. fxe5 Bxe5 26. Rhf1 Qd7 27. Rf3 Rxf3 28. Qxf3 Qf5 29. Qxf5 gxf5 1/2-1/2

[Event "Golden Cleopatra op 6th"]
[Site "Cairo"]
[Date "2002.04.16"]
[Round "10"]
[White "Salem, Zahed"]
[Black "Elkadi, Abdel Rahman"]
[Result "1-0"]
[WhiteElo "2252"]
[BlackElo "2157"]
[PlyCount "112"]
[EventDate "2002.04.07"]
[EventType "swiss"]
[EventRounds "11"]
[EventCountry "EGY"]
[SourceTitle "CBM 087 Extra"]
[Source "ChessBase"]
[SourceDate "2002.05.03"]
[SourceVersion "2"]
[SourceVersionDate "2002.08.09"]
[SourceQuality "1"]

1. e4 c5 2. Nf3 d6 3. d4 cxd4 4. Nxd4 Nf6 5. Nc3 Nc6 6. Bc4 Qb6 7. Nb3 e6 8. 0-0 Be7 9. Be3 Qc7 10. f4 a6 11. a4 b6 12. Qf3 0-0 13. Bd3 Re8 14. Rac1 Rb8 15. g4 Bf8 16. Qh3 g6 17. Qh4 Bg7 18. g5 Nd7 19. f5 Nde5 20. fxe6 fxe6 21. Be2 Na5 22. Nd2 Qc6 23. Bd4 b5 24. axb5 axb5 25. b4 Nac4 26. Bxc4 bxc4 27. b5 Qc7 28. Ra1 Bd7 29. Rab1 Rf8 30. b6 Rxf1+ 31. Rxf1 Rxb6 32. Bxb6 Qxb6+ 33. Qf2 Qxf2+ 34. Rxf2 Nf7 35. Rf3 Nxg5 36. Rg3 Bxc3 37. Rxc3 d5 38. exd5 exd5 39. Nf3 Ne6 40. Ra3 Kf7 41. Ra7 Ke7 42. Ne5 Nc5 43. Nxd7 Nxd7 44. c3 Kd6 45. Kf2 Nf6 46. Ke3 Ke5 47. Re7+ Kd6 48. Rf7 Ke6 49. Rf8 Ke5 50. h3 g5 51. Rf7 h5 52. Re7+ Kd6 53. Rg7 g4 54. h4 Ne4 55. Rg8 Nxc3 56. Rg5 Ke6 1-0

[Event "Golden Cleopatra op 6th"]
[Site "Cairo"]
[Date "2002.04.08"]
[Round "2"]
[White "Elkadi, Abdel Rahman"]
[Black "Abou El Zein, Eid Mahmoud"]
[Result "1/2-1/2"]
[WhiteElo "2157"]
[BlackElo "2333"]
[PlyCount "83"]
[EventDate "2002.04.07"]
[EventType "swiss"]
[EventRounds "11"]
[EventCountry "EGY"]
[SourceTitle "CBM 087 Extra"]
[Source "ChessBase"]
[SourceDate "2002.05.03"]
[SourceVersion "2"]
[SourceVersionDate "2002.08.09"]
[SourceQuality "1"]

1. d4 Nf6 2. c4 e6 3. Nf3 d5 4. g3 c6 5. Qc2 Ne4 6. Bg2 Be7 7. 0-0 0-0 8. Nbd2 f5 9. Ne5 Nd7 10. Nd3 Bf6 11. e3 g5 12. Nf3 Qe8 13. Nfe5 g4 14. f3 gxf3 15. Bxf3 Nxe5 16. dxe5 Bg7 17. b3 Ng5 18. Be2 b6 19. Bb2 Bb7 20. c5 Ba6 21. Nf4 Bxe2 22. Qxe2 Nf7 23. Nh5 Bxe5 24. g4 bxc5 25. gxf5 exf5 26. Rxf5 Bxb2 27. Qg2+ Kh8 28. Qxb2+ d4 29. Re1 Ne5 30. Qg2 Rg8 31. Ng3 Qe6 32. Qe4 Rae8 33. Kh1 Ng4 34. Qf4 dxe3 35. Rxc5 Nf2+ 36. Kg2 Qh3+ 37. Kg1 Qe6 38. Qd4+ Rg7 39. Rc3 c5 40. Rxc5 Qf7 41. Rf5 Qb7 42. Rxe3 1/2-1/2